LEADER 00747nam a2200205 i 4500 001 000000085981 003 CaOOAMICUS 005 20250826171043.0 008 180830s1978 xx u000 u und u 013 $a58221 040 $aSeMil$bita 245 10$aUniverso e dintorni. 29 autori italiani di fantascienza. 260 $aMilano :$bGarzanti,$c1978. 300 $a347 p. 700 1 $aCremaschi, Iněsero.$0(OLS)http://semarc/name/39733 850 $aSeMil 852 $aSeMil$W1$xVenegono$y1$m60 12 716 *$j49781$B49781$CSeMilBibl$Z2$F53580 $81 996 $6245$aUniverso e dintorni. 29 autori italiani di fantascienza$9(OLS)http://semarc/title/132421 996 $6260$aMilano :$bGarzanti$9(OLS)http://semarc/publisher/29852 LEADER 00812nam a2200205 i 4500 001 000000126654 003 CaOOAMICUS 005 20040525000000.0 008 040525s1937 it u000 u ita u 013 $a99362 040 $aSeMil$bita 245 10$aParte 3. 300 $aXXIX, 1001 p. :$bcon 873 incisioni in fototipografia. 650 4$aScultura italiana - Storia - Sec. 16.$0(OLS)http://semarc/subject/24763 700 1 $aVenturi, Adolfo,$d<1856-1941>.$0(OLS)http://semarc/name/5590 773 0 $aVenturi, Adolfo <1856-1941>$tStoria dell'arte italiana.$dMilano : U. Hoepli, 1901-1940.$g10$w()11631 773 0 $tScultura del Cinquecento.$w()11676 850 $aSeMil 852 $aSeMil$W1$xVenegono$y1$m5J XVI 4$j81012$B81012$CSeMilBibl$Z2$F83220 $8I 996 $6245$aParte 3$9(OLS)http://semarc/title/179304